| 000 | 00476nam a22001577a 4500 | ||
|---|---|---|---|
| 999 |
_c114327 _d114327 |
||
| 005 | 20191022121332.0 | ||
| 008 | 191022b ||||| |||| 00| 0 eng d | ||
| 040 | _cPK-LaUMT | ||
| 082 |
_a320.95491 _bZIA-P |
||
| 100 | _aZia Shahid = ضیا شاہد | ||
| 245 |
_aPakistan ke khilaf sazish = پاکستان کے خلاف سازش / _cby Zia Shahid = ضیا شاہد |
||
| 260 |
_aLahore : _bKhabrain Publishers, _c2017 |
||
| 300 | _a238 p. | ||
| 546 | _aUrdu | ||
| 942 | _cBK | ||